000
00277nam a2200121Ia 4500
008
190216s9999||||xx |||||||||||||| ||und||
100
_a
Peter Alexander
245
0
_a
Shakespear Complete Works
260
_b
Collins
300
_a
1376p
650
_a
English Drama
942
_c
BK
999
_c
11572
_d
11572